Street Furniture 1(Public Landscape 1) (Record no. 11229)

000 -LEADER
fixed length control field 00306 a2200133 4500
003 - CONTROL NUMBER IDENTIFIER
control field OSt
005 - DATE AND TIME OF LATEST TRANSACTION
control field 20260407134733.0
008 - FIXED-LENGTH DATA ELEMENTS--GENERAL INFORMATION
fixed length control field 260407b ||||| |||| 00| 0 eng d
020 ## - INTERNATIONAL STANDARD BOOK NUMBER
International Standard Book Number 9788997079742
082 ## - DEWEY DECIMAL CLASSIFICATION NUMBER
Classification number 712.5
245 ## - TITLE STATEMENT
Title Street Furniture 1(Public Landscape 1)
260 ## - PUBLICATION, DISTRIBUTION, ETC. (IMPRINT)
Name of publisher, distributor, etc DMP
Date of publication, distribution, etc 2014
942 ## - ADDED ENTRY ELEMENTS (KOHA)
Source of classification or shelving scheme
Holdings
Withdrawn status Lost status Source of classification or shelving scheme Damaged status Koha normalized classification for sorting Not for loan Permanent location Current location Date acquired Source of acquisition Cost, normal purchase price Full call number Barcode Date last seen Cost, replacement price Price effective from Koha item type
        712_500000000000000   BMS College of Architecture, Design and Planning BMS College of Architecture, Design and Planning 2023-03-07 10 6375.60 712.5 AR-UG2901 2023-03-07 9108.00 2023-03-07 UG Books
Copyright © 2025, The Librarian, Library and Information Centre, BMSCA D&P, Bengaluru. All Rights Reserved
web counter

Powered by Koha